Statistics for Zemlje Oceanije

Click here to take the quiz!

General Stats

  • This quiz has been taken 241 times
  • The average score is 9 of 14

Answers on the Map

Answers color-coded by a green-red scale on the quiz's map according to % correct below.
 

Answer Stats

Zemlje% Correct
Australija
99%
Novi Zeland
98%
Papua Nova Gvineja
70%
Fidži
69%
Tuvalu
61%
Palau
59%
Nauru
56%
Samoa
56%
Tonga
56%
Vanuatu
56%
Maršalovi Otoci
54%
Kiribati
51%
Salomonski Otoci
42%
Savezne Države Mikronezije
38%

Score Distribution

Percentile by Number Answered

Percent of People with Each Score

Your Score History

You have not taken this quiz